• 首页
  • 本馆介绍
  • 公告通知
  • 最新文献
  • 馆藏检索
  • 电子资源
  • 读者导购
  • 参考咨询
  • 我的图书馆
  • 登录
  • 详细信息显示
  • 放入我的书架
  • 预约/预借图书
  • 作者相关作品
  • 分类相关作品
  • 丛书相关作品
  • 出版社相关作品

书目信息

  • 表格格式
  • 工作单格式
  • 卡片格式
题名:
打开历史之门
    
 
作者: 王正权
分册:  
出版信息: 北京   中国纺织出版社  2001
页数: 261
开本: 20 cm
丛书名:
单 册:
中图分类: K86
科图分类:
主题词: 文物--考古--世界
电子资源:
ISBN: 7-5064-1923-8
000 00593nam0 2200193 450
001 0757995392
005 20071007160635.39
010    @a7-5064-1923-8@d13.80
100    @a20071007d km y0chiy0120 ea
101 0  @achi
200 1  @a打开历史之门@Ada kai li shi zhi men@e西亚北非考古大发现@f王正权@Fwang zheng quan
210    @a北京@c中国纺织出版社@d2001
215    @a261@c图@d20 cm
517 1  @a西亚北非考古大发现@Axi ya bei fei kao gu da fa xian
606 0  @a文物@x考古@x世界
690    @aK86@v3
701  0 @a王正权@Awang zheng quan
801  0 @aCN@bPFT@c20071007
905    @a213230@dK86@ea1@f1
    
    打开历史之门:西亚北非考古大发现/王正权.-北京:中国纺织出版社,2001
    261:图;20 cm
    
    
    ISBN 7-5064-1923-8:13.80
    
●
相关链接 在E读中查询图书 在五车中查询图书 在当当中查询图书 在豆瓣中查询图书


正题名:打开历史之门     索取号:K86/a1         预约/预借

序号 登录号 条形码 馆藏地/架位号 状态 备注
1 7508985   275089850   密集书库-史法系/ [索取号:K86/a1] 在馆    
唐山师范学院图书馆 欢迎您!
大连网信软件有限公司© 版权所有